000 00752nas a2200265 4500
001 BR8305762
003 BR-BrBNA
005 20231205085708.0
007 ta
008 230509b bl.|||p| |||| 00| 00por d
040 _aBR-BrBNA
_bpor
_cBiblioteca Nacional de Agricultura
041 _a(Pt)
072 _aE70
100 1 _aAssis, M.A.A. de
100 1 _aOliveira, M.H. de
100 1 _aMeyer, C.R.
245 1 _aA dispensa de licitacao na compra de produtos hortigranjeiros
650 _aCOMPRA
650 _aHORTALICA
650 _aOVO
650 _aGRANJA
773 0 _tAlimentacao e Nutricao (Brazil)
_xISSN 0101-1103
_g(Oct-Dec 1983), v. 4(14) p. 30-42
_wBR8305762
909 _a202311
_bLúcia
_c55
_dLúcia Elande
942 _2AGRIS
_n0
_cANA
999 _c113139
_d113139